THYAGA SURABHILAMEE JEEVITHAM (Record no. 25736)
[ view plain ]
| 000 -LEADER | |
|---|---|
| fixed length control field | 00335nam a2200133Ia 4500 |
| 005 - DATE AND TIME OF LATEST TRANSACTION | |
| control field | 20250409181614.0 |
| 008 - FIXED-LENGTH DATA ELEMENTS--GENERAL INFORMATION | |
| fixed length control field | 250409s9999||||xx |||||||||||||| ||und|| |
| 100 ## - MAIN ENTRY--PERSONAL NAME | |
| Personal name | DONA MARIA SAJU |
| 245 #0 - TITLE STATEMENT | |
| Title | THYAGA SURABHILAMEE JEEVITHAM |
| 260 ## - PUBLICATION, DISTRIBUTION, ETC. | |
| Name of publisher, distributor, etc. | KAIPPALLY |
| Place of publication, distribution, etc. | KOTTAYAM |
| 300 ## - PHYSICAL DESCRIPTION | |
| Extent | 188.P |
| 650 ## - SUBJECT ADDED ENTRY--TOPICAL TERM | |
| Form subdivision | Biography |
| Topical term or geographic name entry element | AUTOBIOGRAPHY |
| 942 ## - ADDED ENTRY ELEMENTS (KOHA) | |
| Koha item type | BOOK |
| Withdrawn status | Lost status | Damaged status | Not for loan | Collection | Home library | Current library | Shelving location | Date acquired | Total checkouts | Full call number | Barcode | Date last seen | Price effective from | Koha item type |
|---|---|---|---|---|---|---|---|---|---|---|---|---|---|---|
| Biography | St.Dominics College Library | St.Dominics College Library | General Stack | 04/09/2025 | 928 DON | 34537 | 04/09/2025 | 04/09/2025 | BOOK |